Refrigeration and Air Conditioning / (Record no. 480)

000 -LEADER
fixed length control field 00478 a2200169 4500
008 - FIXED-LENGTH DATA ELEMENTS--GENERAL INFORMATION
fixed length control field 221025b ||||| |||| 00| 0 eng d
020 ## - INTERNATIONAL STANDARD BOOK NUMBER
International Standard Book Number 9789332902954
082 00 - DEWEY DECIMAL CLASSIFICATION NUMBER
Classification number 621.56
Item number S871
100 ## - MAIN ENTRY--PERSONAL NAME
Personal name Stoecker, W. F.
9 (RLIN) 5351
245 ## - TITLE STATEMENT
Title Refrigeration and Air Conditioning /
250 ## - EDITION STATEMENT
Edition statement 2nd ed.
260 ## - PUBLICATION, DISTRIBUTION, ETC. (IMPRINT)
Place of publication, distribution, etc New Delhi:
Name of publisher, distributor, etc McGraw-Hill,
Date of publication, distribution, etc 2014.
300 ## - PHYSICAL DESCRIPTION
Extent xvi, 443 p.
650 #0 - SUBJECT ADDED ENTRY--TOPICAL TERM
Topical term or geographic name as entry element Air Conditioning
700 ## - ADDED ENTRY--PERSONAL NAME
9 (RLIN) 5352
Personal name Jones, J. W.
942 ## - ADDED ENTRY ELEMENTS (KOHA)
Source of classification or shelving scheme
Item type Books
Holdings
Withdrawn status Lost status Source of classification or shelving scheme Damaged status Not for loan Permanent location Current location Date acquired Source of acquisition Full call number Barcode Date last seen Koha item type Total Checkouts Date last borrowed Checked out
          IMU Kolkata IMU Kolkata 2017-03-24 Jyoti, the Book People 621.56 S871 12263 2019-09-30 Books      
          IMU Kolkata IMU Kolkata 2017-03-24 Jyoti, the Book People 621.56 S871 12264 2024-04-01 Books 1 2024-03-22  
          IMU Kolkata IMU Kolkata 2017-03-24 Jyoti, the Book People 621.56 S871 12265 2026-02-12 Books 2 2026-02-12 2026-08-11
          IMU Kolkata IMU Kolkata 2017-03-24 Jyoti, the Book People 621.56 S871 12267 2023-05-23 Books 1 2023-05-08  
          IMU Kolkata IMU Kolkata 2017-03-24 Jyoti, the Book People 621.56 S871 12266 2025-06-24 Books 3 2025-01-10  
Designed and Maintained by IMU-KC Library, Kolkata Campus © Copyright All Rights Reserved

webs counters

Powered by Koha